All Indonesian Islands Quiz - Statistics

General Stats
  • This quiz has been taken 111 times
  • The average score is 9 of 42
Answer Stats
Hint Answer % Correct
128,297 km sq Java
90%
473,481 km sq Sumatra
87%
5,780 km sq Bali
78%
180,681 km sq Sulawesi
76%
309,934 km sq Papua (Province)
59%
14,732 km sq Timor (West)
56%
743,330 km sq Kalimantan
53%
4,739 km sq Lombok
50%
13,540 km sq Flores
46%
11,006 km sq Sumba
40%
15,414 km sq Sumbawa
40%
17,780 km sq Halmahera
35%
5,625 km sq Nias Island
32%
121 km sq We Island
28%
12,656 km sq Buru
21%
3,838 km sq Siberut Island
18%
62,946 km sq Maluku Islands
15%
3,600 km sq Wetar Island
15%
390 km sq Komodo Island
9%
2,149 km sq Trangan
7%
Aprox. 15 km sq Gili Islands (All Three)
6%
2,406 km sq Peleng Island
6%
1,588 km sq Taliabu Island
6%
401 km sq Enggano Island
4%
642 km sq Selayar Island
4%
2,981 km sq Yamdena
4%
2,142 km sq Mangoli Island
3%
1,213 km sq Rote Island
3%
268 km sq Banggai Island
1%
47,932 km sq East Nusa Tenggara
1%
180 km sq Kupang
1%
603 km sq North Pagai Island
1%
1,196 km sq Sanana Island
1%
460 km sq Sawu Island
1%
601 km sq Sipura Island
1%
861 km sq South Pagai Island
1%
20,153 km sq West Nusa Tenggara
1%
Aprox. 3 km sq Ceningan Island
0%
Aprox. 8 km sq Nusa Lembongan
0%
210 km sq Penida Island
0%
8,034 km sq Raja Ampat
0%
153 km sq Sangeang Island
0%
No matching quizzes found
Score Distribution
Percent of People with Each Score
Percentile by Number Answered
Your Score History
You have not taken this quiz